banner koha

Cartilha: projeto de lei de iniciativa popular sobre território pesqueiro (Registro n. 86476)

MARC details
000 -LÍDER
Campo de controle fixo 00980nam a22003017a 4500
001 - NÚMERO DE CONTROLE
Número de controle BR2023001948
003 - CÓDIGO MARC DA AGÊNCIA CATALOGADORA
Campo de controle BR-BrBNA
005 - DATA E HORA DA ÚLTIMA ATUALIZAÇÃO
Campo de controle 20231015133833.0
008 - CAMPO DE TAMANHO FIXO
Campo fixo de controle 231015b bl.||||| |||| 00| 0 por d
040 ## - FONTE DA CATALOGAÇÃO
Agência catalogadora BR-BrBNA
Idioma da catalogação por
041 ## - CÓDIGO DO IDIOMA
Código do Idioma por
072 ## - CATEGORIA AGRIS
Código da categoria de assunto/objeto <a href="E50 ; D50 ; E11">E50 ; D50 ; E11</a>
090 ## - NÚMERO DE CHAMADA
Localização na estante E50 BR2023001948
110 ## - ENTRADA PRINCIPAL - ENTIDADE
Nome da entidade ou lugar Movimento dos Pescadores e Pescadoras Artesanais, Fortaleza, CE (Brasil)
245 ## - TÍTULO PRINCIPAL
Título principal Cartilha: projeto de lei de iniciativa popular sobre território pesqueiro
Subtítulo Campanha Nacional pela Regularização dos Territórios das Comunidades Tradicionais Pesqueiras
260 ## - IMPRENTA (PUBLICAÇÃO, DISTRIBUIÇÃO, ETC.)
Lugar de publicação, distribuição, etc. Fortaleza, CE (Brasil)
Data de publicação, distribuição, etc [nd]
300 ## - DESCRIÇÃO FÍSICA
Extensão 26 p.
500 ## - NOTA GERAL
Notas gerais Pulblished 2011?; 14 illus.
650 ## - ASSUNTO - THESAGRO
Cabeçalho tópico ou nome geográfico PESCA ARTESANAL
650 ## - ASSUNTO - THESAGRO
Cabeçalho tópico ou nome geográfico COMUNIDADE PESQUEIRA
650 ## - ASSUNTO - THESAGRO
Cabeçalho tópico ou nome geográfico COLÔNIA DE PESCADORES
650 ## - ASSUNTO - THESAGRO
Cabeçalho tópico ou nome geográfico SOCIOLOGIA RURAL
650 ## - ASSUNTO - THESAGRO
Cabeçalho tópico ou nome geográfico POLÍTICA AGRÁRIA
650 ## - ASSUNTO - THESAGRO
Cabeçalho tópico ou nome geográfico POLÍTICA PESQUEIRA
650 ## - ASSUNTO - THESAGRO
Cabeçalho tópico ou nome geográfico LEGISLAÇÃO
909 ## - IDENTIFICAÇÃO DO CATALOGADOR
Ano e mês da catalogação (aaaamm) 202310
Identificação do catalogador Fernando
942 ## - TIPO ESPECÍFICO
Tipo de material Livros
952 ## - LOCATION AND ITEM INFORMATION (KOHA)
-- 2023-10-15
Exemplares
Status de empréstimo Fonte de classificação Status de danificação Não pode ser emprestado Código da coleção Localização permanente Localização atual Localização na estante Total Checkouts Número de chamada Código de barras Tipo de material
  Classificação AGRIS     Agrobase Biblioteca Nacional de Agricultura - Binagri Biblioteca Nacional de Agricultura - Binagri Agrobase - Acervo Geral   E50 BR2023001948 2023-436523 Livros

BINAGRI

Telefone: (61)3218-2567/2388/3357/2097 - binagri@agro.gov.br

Ministério da Agricultura e Pecuária , Esplanada dos Ministérios, Bloco D, Anexo B, Brasília/DF, CEP: 70.043-900